000 01387nam a2200433 i 4500
001 44884
003 KOSZ 005
005 20200810121106.0
008 200810s2002 pl a f 000 0 pol
015 _aUWD 2003/6786
020 _a8371979479
035 _a991020444129705066
035 _a(PL-WaBN)b15543158-48omnis_nlop
035 _ab15543158
035 _a(OCoLC)749625210
035 _a(PL)b0000001554315
035 _a(EXLNZ-48OMNIS_NETWORK)9910212934805606
040 _aWA N
_cWA N
_dKOSZ 005/RW
046 _k2002
080 _a004.438
080 _a(07)
100 1 _aLis, Marcin
_d(1975-2016)
_eAutor
245 1 0 _aJava :
_bćwiczenia zaawansowane /
_cMarcin Lis.
260 _aGliwice :
_b"Helion",
_ccopyright 2002.
300 _a141 stron :
_bilustracje ;
_c24 cm +
_edyskietka.
336 _aTekst
_btxt
_2rdacontent
337 _aBez urządzenia pośredniczącego
_bn
_2rdamedia
338 _aWolumin
_bnc
_2rdacarrier
380 _aKsiążki
380 _aPublikacje dydaktyczne
388 1 _a2001-
650 7 _aJava (język programowania)
_2DBN
655 7 _aPodręcznik
_2DBN
658 _aInformatyka i technologie informacyjne
710 2 _aHelion
_4pbl
856 _uhttp://koha.tu.koszalin.pl/cgi-bin/koha/opac-detail.pl?biblionumber=44884
_yKatalog online BPK
942 _2UKD
_cKS
999 _c44884
_d44884